000 00280nam a22001337a 4500
008 170630b xxu||||| |||| 00| 0 eng d
020 _a00244589
041 _aeng
080 _a82
100 _a22
101 _aGJL
245 _aTHE LITERARY REVIEW
_cGREEN,M
942 _2udc
_cBK
999 _c19692
_d19692